| 000 | 00398nam a22001577a 4500 | ||
|---|---|---|---|
| 005 | 20170726114601.0 | ||
| 008 | 170726b xxu||||| |||| 00| 0 eng d | ||
| 020 | _a1873938225 | ||
| 040 | _cPK-LaUMT | ||
| 082 |
_aZIAC 297 _bMUR-I |
||
| 100 | _aMurad Hofmann | ||
| 245 |
_aIslam the alternative/ _cMurad Hofmann |
||
| 260 |
_aGlasgow: _bGarnet publishing, _c1993 |
||
| 300 | _a181 p. | ||
| 942 | _cBK | ||
| 999 |
_c95722 _d95722 |
||